Establecimiento y verificación del proceso de esterilización para el control y aseguramiento de la calidad biotecnológica de sistemas de biorreactores enchaquetados
Uloženo v:
| Hlavní autor: | |
|---|---|
| Médium: | Kniha |
| Jazyk: | Spanish |
| Vydáno: |
[San José, Costa Rica]
2014
|
| Témata: | |
| Tagy: |
Přidat tag
Žádné tagy, Buďte první, kdo vytvoří štítek k tomuto záznamu!
|
MARC
| LEADER | 00000nam a22000007a 4500 | ||
|---|---|---|---|
| 003 | 011976 | ||
| 005 | 20221231143858.0 | ||
| 008 | 150306b2014 c a|||| |||| 00| 0 spa d | ||
| 040 | |c cru CEDI | ||
| 090 | |a TFG 7142 | ||
| 100 | |9 322 |a Montero Zamora, Jéssica P. | ||
| 245 | |a Establecimiento y verificación del proceso de esterilización para el control y aseguramiento de la calidad biotecnológica de sistemas de biorreactores enchaquetados | ||
| 260 | |a [San José, Costa Rica] |c 2014 | ||
| 500 | |a Proyecto de graduación (licenciatura en ingeniería química)--Universidad de Costa Rica. Facultad de Ingeniería. Escuela de Ingeniería Química | ||
| 650 | |x ESTERILIZACION |x BIORREACTORES |x ESTERILIZACION - PRUEBAS |x FERMENTACION - EQUIPO Y ACCESORIOS - ESTERILIZACION |x MICROBIOLOGIA INDUSTRIAL |x FERMENTACION |9 323 | ||
| 942 | |c TFG | ||
| 999 | |c 13639 |d 13639 | ||
